000 00630nam a22001695i 4500
001 158747
003 ES-MaACL
005 20230906211309.0
008 950111s1880 sp |||| | spa d
040 _aCARM
_bspa
100 1 _aMariátegui, Eduardo de.
_9129511
245 1 3 _aEl capitan Cristobal de Rojas ingeniero militar del siglo XVI
_b: apuntes históricos /
_cpor D. Eduardo de Mariátegui.
260 _aMadrid :
_b[s.n.],
_c1880 (
_fImprenta del Memorial de Ingenieros)
300 _aVI, 233 p., 2 h. de lám. pleg. ;
_c24 cm.
599 1 _aLas h. de lam.: "lit. de J. Pajares"
852 _aES-MaACL
_jF-4453
_z-- Rust.
999 _c158747
_d158747